Regionální spolupráce ČSFR, PR, MR: pro a proti.

Mnohovrstvová sieť inštitúcií a dohôd ako predpoklad postupného integrovania sa bývalých východných štátov do Európy. Možnosť vytvorenia nástupníckej organizácie RVHP a stretnutie ČSFR, MR a PR MEETING 90 v apríli 1990 v Bratislave. Faktory, hovoriace pre spoluprácu. Možné kontúry súčinnosti.

Salvato in:
Dettagli Bibliografici
Autore principale: Fingerland, Jaroslav
Altri autori: Chaloupský, Z.
Natura: Capitolo di libro
Lingua:ceco
Soggetti:
Tags: Aggiungi Tag
Nessun Tag, puoi essere il primo ad aggiungerne!!

MARC

LEADER 00000naa a2200000 4500
001 r003620
005 20220819175751.2
041 0 |a cze 
044 |a [CS] 
245 1 0 |a Regionální spolupráce ČSFR, PR, MR: pro a proti.  |c J. Fingerland, Z. Chaloupský 
520 |a Mnohovrstvová sieť inštitúcií a dohôd ako predpoklad postupného integrovania sa bývalých východných štátov do Európy. Možnosť vytvorenia nástupníckej organizácie RVHP a stretnutie ČSFR, MR a PR MEETING 90 v apríli 1990 v Bratislave. Faktory, hovoriace pre spoluprácu. Možné kontúry súčinnosti. 
610 2 0 |a spolupráca hospodárska medzinárodná 
610 2 0 |a ČSFR 
610 2 0 |a PR 
610 2 0 |a MR 
610 2 0 |a Európa 
610 2 0 |a integrácia ekonomická medzinárodná 
100 1 |a Fingerland, Jaroslav 
700 1 |a Chaloupský, Z.